Elementary practical organic chemistry. Part 2, small scale preparations /

Chi tiết về thư mục
Tác giả chính: Vogel, Arthur Israel
Định dạng: Sách
Ngôn ngữ:English
Được phát hành: London, New Delhi : Longman ; CBS publishers & distributors. 1966 (Reprinted 2004)
Phiên bản:Second edition
Những chủ đề:
Classic Catalogue: View this record in Classic Catalogue
LEADER 01756nam a2200325 a 4500
001 18921
003 BD-DhAAL
008 090729r20041966enka 000 0 eng d
010 |a  66008433  
020 |a 8123910789 
040 |a DLC  |c DLC  |d DLC  |d BD-DhAAL 
082 0 0 |a 547.0028 
100 1 |a Vogel, Arthur Israel.  |9 44233 
245 1 0 |a Elementary practical organic chemistry.  |n Part 2,  |p small scale preparations /  |c by Arthur I. Vogel. 
250 |a Second edition 
260 |a London,  |b Longman ;  |a New Delhi :  |b CBS publishers & distributors.  |c 1966 (Reprinted 2004) 
300 |a xv,431 pages :  |b illustrations ;  |c 22 cm. 
504 |a Includes index. 
505 1 |a pt. 2. Quantitative organic analysis. 
526 |x Mustak Ibn Ayub Department of Mathematics and Natural Sciences Course name and no. "not available"  
541 1 |a Parash Publishers  |e 00018922 
650 0 |a Chemistry, organic  |x Laboratory manuals.  |9 44234 
650 0 |a Chemistry, analytic  |x Laboratory manuals.  |9 44235 
650 0 |a Pharmacy.  |9 44236 
852 4 |a Ayesha Abed Library  |j General shelf  
942 |2 ddc  |c BK 
999 |c 2956  |d 2956 
952 |0 0  |1 0  |2 ddc  |4 0  |6 547_002800000000000_VOG_2004  |7 0  |9 11180  |a BRACUL  |b BRACUL  |c GEN  |d 2010-06-22  |l 0  |o 547.0028 VOG  |p 3010018922  |r 2010-06-22  |t 1  |w 2010-06-22  |y BK 
952 |0 0  |1 0  |2 ddc  |4 0  |6 547_002800000000000_VOG_2002  |7 0  |9 12508  |a BRACUL  |b BRACUL  |c GEN  |d 2010-10-18  |l 1  |m 2  |o 547.0028 VOG  |p 3010018921  |r 2017-01-17  |s 2017-01-02  |t 2  |w 2010-10-18  |y BK 
952 |0 0  |1 0  |2 ddc  |4 0  |6 547_002800000000000_VOG_2002  |7 0  |9 12509  |a BRACUL  |b BRACUL  |c GEN  |d 2010-10-18  |e Parash Publishers  |g 820.00  |l 0  |o 547.0028 VOG  |p 3010019041  |r 2010-10-18  |t 3  |v 1640.00  |w 2010-10-18  |y BK  |x Requisitioned by Mustak Ibn Ayub, Department of Mathematics and Natural Sciences, Course name and no. "not available"